000 00552nam a22002177a 4500
999 _c7774
_d7774
003 OSt
005 20220919154159.0
008 151110b xxu||||| |||| 00| 0 eng d
020 _a0486663523
040 _cddc
082 _a514 MEN 1990
100 _aMendelson, Bert
_96077
245 _aIntroduction to Topology
250 _a3rd ed.
260 _aNew York
_bDover publication
_c1990
300 _a206p;
_bill :
_c21cm
504 _a References & index included
650 _aTopology
_9810
650 _aMathematics
_9810
942 _2ddc
_cO_SHELF